Financial Times,Matering Strategy.The Complete MBA Companion in Strategy. (Record no. 9340)

MARC details
000 -LEADER
fixed length control field 00478nam a22001697a 4500
003 - CONTROL NUMBER IDENTIFIER
control field OSt
005 - DATE AND TIME OF LATEST TRANSACTION
control field 20240828161033.0
008 - FIXED-LENGTH DATA ELEMENTS--GENERAL INFORMATION
fixed length control field 240828b |||||||| |||| 00| 0 eng d
020 ## - INTERNATIONAL STANDARD BOOK NUMBER
International Standard Book Number 0273649302
040 ## - CATALOGING SOURCE
Transcribing agency MUST
Modifying agency MUST
100 ## - MAIN ENTRY--PERSONAL NAME
Personal name Dickson Tim
9 (RLIN) 19085
245 ## - TITLE STATEMENT
Title Financial Times,Matering Strategy.The Complete MBA Companion in Strategy.
300 ## - PHYSICAL DESCRIPTION
Extent x,436p.
Other physical details includes ill.col.pictures
Dimensions 24cm.
500 ## - GENERAL NOTE
General note Finance.
650 ## - SUBJECT ADDED ENTRY--TOPICAL TERM
Source of heading or term Mastering Strategy.
942 ## - ADDED ENTRY ELEMENTS (KOHA)
Source of classification or shelving scheme Dewey Decimal Classification
Koha item type Open Shelf
Holdings
Withdrawn status Lost status Source of classification or shelving scheme Damaged status Not for loan Home library Current library Date acquired Source of acquisition Inventory number Total Checkouts Full call number Barcode Date last seen Copy number Price effective from Koha item type
    Dewey Decimal Classification     MUST Main Library MUST Main Library 28/08/2024 Donation 03/20424   658FIN2000 2024-22292 28/08/2024 2024-22292 28/08/2024 Open Shelf